000 00685nam a2200229Ia 4500
003 OSt
005 20241003125346.0
008 210716s2000 xx 000 0 und d
020 _a016717446
040 _cAIMIT LIBRARY
041 _aeng
082 _a382
_21
_bNEID
100 _aNeipert, David M.
_9181247
245 _aTour of international trade /
_cBy David M Neipert.
250 _a1st
260 _aNew Jersey :
_bPrentice Hall ,
_c2000.
300 _a202p. ;
_bPB
_c26.4 cm
650 _aInternational transportation
_9181248
650 _aLanded cost estimation
_9181249
650 _aService providers for international trade
_9181250
942 _2ddc
_cBK
_e1st
_k382 NEID
999 _c198193
_d198193